000 00379nam a2200145Ia 4500
005 20250519015901.0
008 240331s9999 xx 000 0 und d
082 _bBAY
_a305
245 0 _aBayen jeewath venne ayi
260 _aColombo
_bSociety & Trust
_c1999
300 _a68 p .,
500 _aA Book About why living in fear?
700 _aGama Arachchige,P.
_eedt
942 _cL
999 _c1622
_d1622